000 00655nam a22002297a 4500
001 48399
003 UA-OsUOA
005 20210517102353.0
007 ta
008 20070905b un ||||| |||| 00| 0 ukr d
040 _aUA-OsUOA
_brus
_cUA-OsUOA
_dUA-OsUOA
041 _arus
080 _a821.161.1
090 _a821.161.1
_bМ42
100 _aМедведева Ю.
245 _aРусская фантастическая проза ХІХ – начала ХХ века
260 _aМ.
_bПравда
_c1986
300 _a704 с.
650 7 _a82 Література. Літературознавство
_2UDC
942 _cBK
_2udc
955 _a3
999 _c334505
_d334505